000 00237nam a2200097Ia 4500
008 170619s9999 xx 000 0 und d
100 _aBell David A
245 0 _aOperational amplifiers and linear IC
260 _bNew Delhi: PHI
260 _c2004
546 _aENGLISH
999 _c17768
_d17768